МАРК-запис
| 000 -Лідер |
| fixed length control field |
02003nam a22002537a 4500 |
| 001 - Контрольний номер |
| control field |
126469 |
| 003 - Ідентифікатор контрольного номера |
| control field |
UA-OsUOA |
| 005 - Дата та час останнього входження (трансакції) |
| control field |
20230504161349.0 |
| 007 - Фіксоване поле фізичного опису |
| fixed length control field |
ta |
| 008 - Елементи даних фіксованої довжини – загальна інформація |
| fixed length control field |
20171024b un ||||| |||| 00| 0 ukr d |
| 020 ## - Міжнародний стандартний книжковий номер (ISBN) |
| Міжнародний стандартний книжковий номер (ISBN) (НП) |
978-611-01-0491-3 |
| 040 ## - Джерело каталогізації |
| Агенція оригінальної каталогізації |
UA-OsUOA |
| Мова каталогізації |
ukr |
| Агенція, яка здійснювала перезапис |
UA-OsUOA |
| Агенція, яка здійснювала модифікацію |
UA-OsUOA |
| 041 ## - Код мови |
| Код мови тексту/ звукової доріжки чи окремого заголовка (П) |
ukr |
| 080 ## - Індекс Універсальної десяткової класифікації |
| Індекс Універсальної десяткової класифікації (УДК) (НП) |
343.102(075.8) |
| 090 ## - Локальний шифр розміщення |
| Класифікаційний індекс УДК |
343.102(075.8) |
| Авторський знак (НП) |
О-60 |
| 245 ## - Відомості про назву |
| Назва (НП) |
Оперативно-розшукова діяльність |
| Решта назви (НП) |
навчальний посібник для підготовки до іспитів |
| Дані про відповідальність (НП) |
упор. І. В. Тетарчук, Т. Є. Дяків |
| 260 ## - Публікація, розповсюдження і т.п. (Вихідні дані) |
| Місце публікації, розповсюдження і т.п. (П) |
К. |
| Ім’я/ наймення видавництва, розповсюджувача і т.п. (П) |
ЦУЛ |
| Дата публікації, розповсюдження і т.п. (П) |
2017 |
| 300 ## - Фізичний опис |
| Обсяг |
212 с. |
| 520 ## - Резюме і т.п. |
| Резюме, реферат, анотація, тощо (НП) |
Оперативно-розшукова діяльність є системою гласних і негласних пошукових, розвідувальних та контррозвідувальних заходів, що, здійснюються із застосуванням оперативних та оперативно-технічних засобів. Її завданням є пошук і фіксація фактичних даних про протиправні діяння окремих осіб та груп, відповідальність за які передбачена Кримінальним кодексом України, розвідувально-підривну діяльність спеціальних служб іноземних держав та організацій з метою припинення правопорушень та в інтересах кримінального судочинства, а також отримання інформації в інтересах безпеки громадян, суспільства і держави. |
| 650 #7 - Додаткове предметне введення – тематичний термін |
| Тематичний термін чи географічна назва, як елемент введення (НП) |
343 Кримінальне право. Карні порушення |
| Джерело заголовка чи терміна |
UDC |
| 942 ## - Додаткові елементи входу (Коха) |
| Тип елемента Koha |
Книги |
| Source of classification or shelving scheme |
Universal Decimal Classification |
| 955 ## - Код типу видання за змістом |
| Код типу видання за змістом (НП) |
Навчальні видання |